| 000 | 00383nam a2200133Ia 4500 | ||
|---|---|---|---|
| 008 | 230125s9999 xx 000 0 und d | ||
| 041 | _aeng | ||
| 082 |
_a658.81 _bSOO |
||
| 100 |
_aSood A K _9115806 |
||
| 245 | _aSales and Distribution Management | ||
| 260 |
_c2010 _bSymbiosis centre for distance learning _aPune |
||
| 300 | _a464p | ||
| 700 |
_aSood A K & Nandini Madan, Donor _9115807 |
||
| 999 |
_c93603 _d93603 |
||